Books to Authors #9 - Statistics

General Stats
  • This quiz has been taken 176 times
  • The average score is 7 of 14
Answer Stats
Book Author % Correct
A Midsummer Night's Dream William Shakespeare
97%
The Hound of the Baskervilles Arthur Conan Doyle
79%
Paradise Lost John Milton
78%
Heart of Darkness Joseph Conrad
78%
Candide Voltaire
74%
Gulliver's Travels Jonathan Swift
73%
From Russia with Love Ian Fleming
69%
Peter Rabbit Beatrix Potter
68%
The Big Sleep Raymond Chandler
35%
Brighton Rock Graham Greene
34%
The Tin Drum Günter Grass
31%
Brokeback Mountain Annie Proulx
15%
Lives of Girls and Women Alice Munro
2%
A Dark-adapted Eye Barbara Vine
0%
No matching quizzes found
Score Distribution
Percent of People with Each Score
Percentile by Number Answered
Your Score History
You have not taken this quiz